De quel pays vient cette ville ? A-Z - Statistiques

Statistiques générales
  • Ce quiz a été pris 301 fois
    160 depuis la dernière actualisation
  • Le résultat moyen est 16 sur 26
Statistiques - réponses
Nom de la ville Pays % Correct
Québec Canada
97%
Nice France
97%
Delhi Inde
96%
Tokyo Japon
95%
Istanbul Turquie
95%
Hambourg Allemagne
93%
Prague République tchèque
91%
Lima Pérou
89%
Wuhan Chine
85%
Jakarta Indonésie
83%
Abidjan Côte d'Ivoire
81%
Vilnus Lituanie
74%
Guadalajara Mexique
72%
Zhengzhou Chine
70%
Yauondé Cameroun
65%
Canton Chine
63%
Rostov-sur-le-Don Russie
57%
Banglore Inde
49%
Kazan Russie
48%
Fortaleza Brèsil
35%
Sarpino Italie
33%
Oufa Russie
13%
Mosur Russie
11%
Xanthi Grèce
7%
Uman Ukraine
3%
Ekilowatt Mexique
1%
Aucun quiz correspondant
Distribution des résultats
% des personnes avec chaque résultat
Percentile par nombre de réponses
Votre historique - résultats
Vous n’avez pas pris ce quiz depuis la dernière actualisation